00494nam a2200193 a 450000100060000000300090000600800410001502000150005604000280007108200090009910000230010824500170013126000330014830000070018165000230018865000230021165000350023465000310026921563CO-ViMGA141112s2004 ck r 000 u spa d a9806437268 aCO-ViMGAbspacCO-ViMGA04aRODv1 aRodríguez, Idana10aCosas Verdes aMaracay : bEditores, c2002 a1414aALBUMES INFANTILES14aCUENTOS INFANTILES14aLIBROS ILUSTRADOS PARA NIÑOS14aVERDE.ENSEÑANZA PRIMARIA